Record di Presenze per ogni squadra di Serie A - Statistics

Statistiche generali
  • Questo quiz è stato fatto 31 volte
  • Il punteggio medio è 14 su 73
Statistiche sulle risposte
Squadra Presenze Nazione Periodo Calciatore % Corretto
Roma 619 Italia 1992-2017 Francesco Totti
100%
Juventus 489 Italia 2001-2021 Gianluigi Buffon
100%
Inter 615 Argentina 1995-2014 Javier Zanetti
100%
Milan 647 Italia 1984-2009 Paolo Maldini
100%
Udinese 385 Italia 2004-2016 Antonio Di Natale
93%
Napoli 408 Slovacchia 2007-2019 Marek Hamšík
93%
Chievo 459 Italia 2002-2019 Sergio Pellissier
93%
Foggia 122 Italia 1991-1995 Francesco Mancini
83%
Sampdoria 424 Italia 1982-1997 Roberto Mancini
83%
Lazio 349 Romania 2008-2023 Ștefan Radu
69%
Sassuolo 353 Italia 2014- Andrea Consigli
48%
Palermo 165 Italia 2007-2013 Fabrizio Miccoli
45%
Cagliari 333 Italia 1999-2015 Daniele Conti
41%
Fiorentina 341 Italia 1972-1987 Giancarlo Antognoni
38%
Parma 258 Italia 1991-2004 Antonio Benarrivo
28%
Lecce 196 Uruguay 2001-2012 Guillermo Giacomazzi
28%
Spezia 108 Ghana 2020-2023 Emmanuel Gyasi
21%
Reggina 190 Italia 1999-2009 Francesco Cozza
21%
Carpi 36 Italia 2015-2016 Kevin Lasagna
21%
Monza 67 Italia 2022- Matteo Pessina
21%
Siena 281 Italia 2004-2013 Simone Vergassola
21%
Frosinone 69 Italia 2015-2019 Daniel Ciofani
17%
Salernitana 89 Mali 2021- Lassana Coulibaly
17%
Messina 87 Italia 2004-2007 Arturo Di Napoli
14%
Bologna 391 Italia 1958-1975 Giacomo Bulgarelli
14%
Crotone 110 Italia 2016-2021 Alex Cordaz
10%
Empoli 164 Italia 2002-2008 Antonio Buscè
7%
Piacenza 170 Italia 1993-2000 Gianpietro Piovani
7%
Torino 405 Italia 1960-1975 Giorgio Ferrini
7%
Pescara 62 Brasile 1987-1989 Júnior
7%
Catania 218 Argentina 2006-2014 Mariano Izco
7%
Pisa 89 Italia 1982-1986 Alessandro Mannini
3%
Catanzaro 128 Italia 1976-1982 Claudio Ranieri
3%
Monza 67 Italia 2022- Michele Di Gregorio
3%
Pescara 62 Italia 1987-1993 Stefano Ferretti
3%
Cesena 148 Italia 1981-1991 Adriano Piraccini
0%
Bari 175 Italia 1939-1950 Alessandro Carlini
0%
Novara 231 Italia 1948-1956 Ambrogio Baira
0%
Treviso 32 Italia 2005-2006 Antonio Filippini
0%
Pro Patria 230 Italia 1947-1955 Antonio Fossati
0%
SPAL 210 Italia 1951-1959 Aulo Gelio Lucchi
0%
Padova 219 Italia 1951-1962 Aurelio Scagnellato
0%
Lucchese 138 Italia 1948-1952 Carlo Scarpato
0%
Pro Vercelli 164 Italia 1929-1935 Egidio Scansetti
0%
Verona 232 Italia 1968-1979 Emiliano Mascetti
0%
Reggiana 61 Italia 1993-1995 Eugenio Sgarbossa
0%
Ternana 57 Italia 1972-1975 Fernando Benatti
0%
Genoa 338 Italia 1946-1960 Fosco Becattini
0%
Lecco 68 Italia 1960-1962 Francesco Duzioni
0%
Ascoli 144 Italia 1974-1983 Francesco Scorsa
0%
Benevento 53 Italia 2017-2021 Gaetano Letizia
0%
Como 168 Italia 1980-1989 Giancarlo Centi
0%
Casale 126 Italia 1930-1934 Giordano Roggero
0%
Varese 112 Italia 1967-1972 Giorgio Dellagiovanna
0%
Brescia 163 Italia 1929-1936 Giuseppe Peruchetti
0%
Mantova 141 Italia 1961-1968 Gustavo Giagnoni
0%
Legnano 66 Italia 1951-1954 Luciano Lupi
0%
Liguria 72 Italia 1937-1940 Luciano Peretti
0%
Reggiana 61 Italia 1993-1995 Luigi De Agostini
0%
Cremonese 130 Italia 1989-1996 Luigi Gualco
0%
Vicenza 306 Italia 1955-1969 Luigi Menti
0%
Sampierdarenese 89 Italia 1933-1937 Mario Malatesta
0%
Livorno 177 Italia 1937-1948 Mario Stua
0%
Alessandria 187 Italia 1929-1936 Michele Borelli
0%
SPAL 210 Argentina 1959-1968 Oscar Massei
0%
Perugia 170 Italia 1975-1981 Pierluigi Frosio
0%
Triestina 331 Italia 1929-1943 Piero Pasinati
0%
Pistoiese 30 Italia 1980-1981 Poerio Mascella
0%
Modena 156 Italia 1939-1949 Renato Braglia
0%
Avellino 148 Italia 1978-1984 Salvatore Di Somma
0%
Venezia 145 Italia 1939-1947 Sandro Puppo
0%
Ancona 40 Italia 1992-2004 Sean Sogliano
0%
Atalanta 281 Italia 1949-1960 Stefano Angeleri
0%
Nessun quiz corrispondente trovato
Distribuzione punteggi
Percentuale di utenti per punteggio
Percentile per numero di risposta
I tuoi punteggi nel tempo
Non hai fatto questo quiz